| 000 | 01150nam a22003017a 4500 | ||
|---|---|---|---|
| 001 | 168 | ||
| 003 | FISKH | ||
| 005 | 20230303101900.0 | ||
| 008 | 230301b cb ||||| |||| 00| 0 eng d | ||
| 020 | _a9780394800752 | ||
| 040 |
_aDLC _cDLC _dDLC _dFISKH _beng |
||
| 050 | 0 | 0 |
_aPZ7.S5138 _bBar 2014 |
| 082 | 0 | 0 |
_a813.52 _223 |
| 100 | 1 |
_aGeisel, Theodor Seuss _cDr. |
|
| 245 | 1 | 0 |
_aBartholomew and the oobleck / _cwritten and illustrated by Dr. Seuss. |
| 260 |
_aNew York _bRandom House _c1976 |
||
| 300 |
_a23 leaves of plates _bcol. ill. ; _c29 cm. |
||
| 500 | _aOriginally published in slightly different form in 1949. | ||
| 505 | _aK | ||
| 520 | _aThe King, tired of rain, snow, sun, and fog, commands his magicians to make something else come down from the sky, but when oobleck falls, in sticky greenish droplets, Bartholomew Cubbins shames the King and saves the kingdom. | ||
| 521 | 8 |
_a590
_bLexile |
|
| 521 | 8 |
_aK _bRaz-Plus |
|
| 650 | 1 |
_aKings, queens, rulers, etc. _vFiction. |
|
| 710 | 2 | _aDr. Seuss Enterprises. | |
| 710 | 2 | _aRandom House Children's Books. | |
| 906 |
_a7 _bcbc _corigcop _d2 _encip _f20 _gy-gencatlg |
||
| 942 |
_2ddc _cBK _n0 |
||
| 999 |
_c168 _d168 |
||